Airplanes by picture #1 - Statistics

General Stats
  • This quiz has been taken 76 times
  • The average score is 6 of 16
Answer Stats
Picture Answer % Correct
B-25
90%
Boeing 707
73%
Boeing 747
73%
Boeing 767
73%
Boeing C-17
71%
Airbus A320
60%
McDonnell Douglas md-11
50%
Airbus A300
44%
Tupolev Tu-154
24%
Saab 340
23%
Lockheed Constellation
18%
Bombardier CRJ200
13%
Hawker Siddeley Trident
11%
Convair 990
8%
Messerschmitt me-262
5%
Iljusjin Il-62
0%
No matching quizzes found
Score Distribution
Percent of People with Each Score
Percentile by Number Answered
Your Score History
You have not taken this quiz